|
|
|
|
| LEADER |
02363nam a2200601 4500 |
| 001 |
ocn808342018 |
| 003 |
OCoLC |
| 005 |
20170124070433.6 |
| 006 |
m o d |
| 007 |
cr cn||||||||| |
| 008 |
120702s2012 enk ob 101 0 eng d |
| 040 |
|
|
|a E7B
|b eng
|e pn
|c E7B
|d DG1
|d YDXCP
|d OCLCQ
|d CDX
|d OCLCF
|d OCLCO
|d COO
|d IDEBK
|d DEBSZ
|d DEBBG
|d OCL
|d OCLCO
|d OCLCQ
|d OCLCO
|d EBLCP
|d OCLCQ
|d GrThAP
|
| 019 |
|
|
|a 842854543
|
| 020 |
|
|
|a 9781118321997
|q (electronic bk.)
|
| 020 |
|
|
|a 1118321995
|q (electronic bk.)
|
| 020 |
|
|
|a 9781118321690
|q (e-book)
|
| 020 |
|
|
|a 1118321693
|q (e-book)
|
| 020 |
|
|
|a 1299313779
|
| 020 |
|
|
|a 9781299313774
|
| 020 |
|
|
|z 9781444361933
|q (pbk.)
|
| 029 |
1 |
|
|a AU@
|b 000050060806
|
| 029 |
1 |
|
|a DEBBG
|b BV041911285
|
| 029 |
1 |
|
|a DEBSZ
|b 423201794
|
| 029 |
1 |
|
|a DKDLA
|b 820120-katalog:000599925
|
| 029 |
1 |
|
|a NZ1
|b 14832586
|
| 029 |
1 |
|
|a NZ1
|b 15341055
|
| 029 |
1 |
|
|a DEBBG
|b BV043394997
|
| 035 |
|
|
|a (OCoLC)808342018
|z (OCoLC)842854543
|
| 050 |
|
4 |
|a BL51
|b .F319 2012eb
|
| 082 |
0 |
4 |
|a 202/.2
|2 23
|
| 049 |
|
|
|a MAIN
|
| 245 |
0 |
0 |
|a Faith, rationality, and the passions /
|c edited by Sarah Coakley.
|
| 264 |
|
1 |
|a Chichester ;
|a Malden, Mass. :
|b Wiley-Blackwell,
|c 2012.
|
| 300 |
|
|
|a 1 online resource (vi, 264 pages).
|
| 336 |
|
|
|a text
|b txt
|2 rdacontent
|
| 337 |
|
|
|a computer
|b c
|2 rdamedia
|
| 338 |
|
|
|a online resource
|b cr
|2 rdacarrier
|
| 490 |
1 |
|
|a Directions in modern theology book series
|
| 500 |
|
|
|a Papers presented at conference held Jan. 11-13, 2010 at the University of Cambridge.
|
| 504 |
|
|
|a Includes bibliographical references and index.
|
| 650 |
|
0 |
|a Faith and reason
|v Congresses.
|
| 650 |
|
0 |
|a Emotions
|x Religious aspects
|v Congresses.
|
| 650 |
|
0 |
|a Religion
|x Philosophy
|v Congresses.
|
| 650 |
|
7 |
|a Emotions
|x Religious aspects.
|2 fast
|0 (OCoLC)fst00908835
|
| 650 |
|
7 |
|a Faith and reason.
|2 fast
|0 (OCoLC)fst00919959
|
| 650 |
|
7 |
|a Religion
|x Philosophy.
|2 fast
|0 (OCoLC)fst01093794
|
| 655 |
|
4 |
|a Electronic books.
|
| 655 |
|
7 |
|a Conference papers and proceedings.
|2 fast
|0 (OCoLC)fst01423772
|
| 700 |
1 |
|
|a Coakley, Sarah,
|d 1951-
|
| 776 |
0 |
8 |
|i Print version:
|t Faith, rationality, and the passions.
|d Chichester ; Malden, Mass. : Wiley-Blackwell, 2012
|w (DLC) 2012022577
|
| 830 |
|
0 |
|a Directions in modern theology.
|
| 856 |
4 |
0 |
|u https://doi.org/10.1002/9781118321997
|z Full Text via HEAL-Link
|
| 994 |
|
|
|a 92
|b DG1
|